LEADER 01030nam0 2200289 450 001 000039035 005 20141009140908.0 010 $a88-221-1139-7 100 $a20141009d1992----km-y0itaa50------ba 101 0 $aita 102 $aIT 200 1 $aIpotesi sulla natura del comico$fGian Pietro Calasso 210 $aFirenze$c<> Nuova Italia$d1992 215 $aXIII, 262 p.$d22 cm 225 2 $aBiblioteca di cultura$v181 410 0$12001$aBiblioteca di cultura$v181 606 1 $aComico$xAspetti psicologici 676 $a801.957$v(20. ed.)$9Filosofia e teoria. Satira e umorismo 700 1$aCalasso,$bGian Pietro$0447378 801 0$aIT$bUniversità della Basilicata - B.I.A.$gREICAT$2unimarc 912 $a000039035 996 $aIpotesi sulla natura del comico$9101113 997 $aUNIBAS BAS $aLETTERE CAT $aEXT016$b01$c20141009$lBAS01$h1409 FMT Z30 -1$lBAS01$LBAS01$mBOOK$1BASA1$APolo Storico-Umanistico$2DSLF$BCollezione DiSLF$3DF/E2145$63570$5F3570$820141009$f04$FPrestabile Didattica